| 000 | 00570nam a2200205Ia 4500 | ||
|---|---|---|---|
| 005 | 20250326142109.0 | ||
| 008 | 250326s9999 xx 000 0 und d | ||
| 020 | _a0-13-641572-5 | ||
| 037 | _aTextbook | ||
| 040 |
_aFMSL _beng _cFMSL |
||
| 041 |
_aeng _2eng |
||
| 084 |
_aX:8 M6 _qFMSL |
||
| 100 |
_aJackson J H _9110849 |
||
| 245 | 0 |
_aOrganisation theory: macro perspective for management _cJackson J H |
|
| 250 | _a3 | ||
| 260 |
_aNew Jersey _bNew Jersey, Prentice-Hall _c1986 |
||
| 300 | _a495p | ||
| 942 |
_cTB _hX:8 M6 |
||
| 999 |
_c1293424 _d1293424 |
||